Teória hier a ekonómia

Teória hier zaoberajúca sa štúdiom konfliktých situácií a skúmajúca možné kooperatívne a nekooperatívne správanie agentov. Rozdelenie hier. Klasická ekonomická aplikácia teórie hier - teória oligopolov. Ďalšie aplikácie - opatrenia hospodárskej politiky, obchodné rokovania a aukcie.

Gespeichert in:
Bibliographische Detailangaben
1. Verfasser: Lukáčik, Martin, 1974-
Format: Buchkapitel
Sprache:Slowakisch
Schlagworte:
Tags: Tag hinzufügen
Keine Tags, Fügen Sie das erste Tag hinzu!

MARC

LEADER 00000nla$a2200000$$$4500
001 0060731
005 20240502071656.2
041 0 |a slo 
044 |a SK 
245 1 0 |a Teória hier a ekonómia  |c Martin Lukáčik 
520 |a Teória hier zaoberajúca sa štúdiom konfliktých situácií a skúmajúca možné kooperatívne a nekooperatívne správanie agentov. Rozdelenie hier. Klasická ekonomická aplikácia teórie hier - teória oligopolov. Ďalšie aplikácie - opatrenia hospodárskej politiky, obchodné rokovania a aukcie. 
610 2 0 |a teória hier 
610 2 0 |a ekonómia 
610 2 0 |a politika hospodárska 
610 2 0 |a rokovania obchodné 
610 2 0 |a výskum operačný 
610 2 0 |a oligopoly 
610 2 0 |a aukcie 
100 1 |a Lukáčik, Martin, 1974-